Państwa z największą ilością ofiar podczas II wojny światowej. - Statystyki

Ogólne statystyki
  • Ten quiz został rozwiązany 398 razy
  • Średni wynik to 4 z 10
Statystyki odpowiedzi
Hint Odpowiedź % Poprawnych
17.22% Polska
98%
3.90% Chiny
48%
11.00% Macedonia/Serbia/Słowenia/Bośnia (JUGOSŁAWIA)
41%
9.46% Węgry
40%
8.77% Rumunia
36%
11.17% Grecja
34%
14.36% Litwa
34%
12.50% Łotwa
33%
7.30% Estonia
32%
2.80% Albania
17%
Nie znaleziono quizów pasujących do podanych kryteriów
Rozkład punktacji
Procent ludzi z każdym wynikiem
Percentyl według liczby udzielonych odpowiedzi
Twoja historia wyników
Nie rozwiązałeś tego quizu